Varsovie - Culture générale - Statistiques

Statistiques générales
  • Ce quiz a été pris 518 fois
  • Le résultat moyen est 9 sur 15
Statistiques - réponses
Information Réponse % Correct
Chimiste et physicienne, première femme à recevoir un nobel Marie Curie
93%
Alliance militaire signée entre les pays du bloc soviétique {Pacte} de Varsovie
89%
Religion principalement pratiquée Catholicisme
87%
"Zone" où les Juifs furent inhumainement entassés {Ghetto} de Varsovie
85%
Personnage mi-femme mi-poisson qui se retrouve sur les armes de Varsovie Sirène
82%
Capitale polonaise avant le déplacement en 1596 Cracovie
79%
Compositeur franco-polonais connu pour ses Nocturnes Frédéric Chopin
72%
Film de Roman Polanski relatant l'histoire d'un homme qui s'en échappe Le Pianiste
56%
Fleuve qui traverse la ville Vistule
55%
Population étrangère la plus représentée Ukrainien
52%
Club de football avec 14 championnats à son actif {Legia} Varsovie
45%
Surnom d'animal mythique que l'on donne à la ville suite aux destruction de 1939-45 Ville {phénix}
44%
Nom de la ville en polonais Warszawa
38%
Voïvodie (région) de Varsovie Mazovie
20%
Place dite "du château" faisant face au palais royal Plac {Zamkowy}
7%
Aucun quiz correspondant
Distribution des résultats
% des personnes avec chaque résultat
Percentile par nombre de réponses
Votre historique - résultats
Vous n’avez pas pris ce quiz